00499nam a2200145Ia 4500008004100000020001800041041000800059082001700067100002300084245014500107250000600252260006100258300001100319650002300330210716s2003 xx 000 0 und d a9789332902572 aeng a658.404 CHAP aChandra, Prasanna. aProjects: planning analysis selection financing implementation and review.bPlanning analysis selection financing implementation and review. a5 aNew DelhibTata McGraw Hill Publishing Company Ltdc2003 axx,742 aProject Management